Shunyasampadanegalu. (Record no. 115533)
[ view plain ]
| 000 -LEADER | |
|---|---|
| fixed length control field | 00586nam a2200193Ia 4500 |
| 003 - CONTROL NUMBER IDENTIFIER | |
| control field | OSt |
| 005 - DATE AND TIME OF LATEST TRANSACTION | |
| control field | 20250224150916.0 |
| 008 - FIXED-LENGTH DATA ELEMENTS--GENERAL INFORMATION | |
| fixed length control field | 210210b2002 xxu||||| |||| 00| 0 eng d |
| 040 ## - CATALOGING SOURCE | |
| Transcribing agency | AL |
| 082 ## - DEWEY DECIMAL CLASSIFICATION NUMBER | |
| Classification number | K894.9 AMAS |
| 100 ## - MAIN ENTRY--PERSONAL NAME | |
| Personal name | AMARESHA NUGADONI. Ed. |
| Dates associated with a name | ಅಮರೇಶ ನುಗಡೋಣಿ |
| 9 (RLIN) | 202272 |
| 245 ## - TITLE STATEMENT | |
| Title | Shunyasampadanegalu. |
| Remainder of title | ಶೂನ್ಯಸಂಪಾದನೆಗಳು |
| 260 ## - PUBLICATION, DISTRIBUTION, ETC. | |
| Place of publication, distribution, etc. | Hampi |
| Name of publisher, distributor, etc. | Prasaranga Kannada Vishvavidyalaya |
| Date of publication, distribution, etc. | 2002 |
| 300 ## - PHYSICAL DESCRIPTION | |
| Extent | 184 |
| 650 ## - SUBJECT ADDED ENTRY--TOPICAL TERM | |
| Topical term or geographic name entry element | Shunyasampadane |
| 9 (RLIN) | 202273 |
| 690 ## - LOCAL SUBJECT ADDED ENTRY--TOPICAL TERM (OCLC, RLIN) | |
| Topical term or geographic name as entry element | Kannada Criticism |
| 9 (RLIN) | 202274 |
| 906 ## - LOCAL DATA ELEMENT F, LDF (RLIN) | |
| a | SG04724 |
| 942 ## - ADDED ENTRY ELEMENTS (KOHA) | |
| Source of classification or shelving scheme | Dewey Decimal Classification |
| Koha item type | Book |
| Withdrawn status | Lost status | Source of classification or shelving scheme | Damaged status | Not for loan | Collection code | Home library | Current library | Date acquired | Source of acquisition | Cost, normal purchase price | Total Checkouts | Full call number | Barcode | Date last seen | Price effective from | Koha item type |
|---|---|---|---|---|---|---|---|---|---|---|---|---|---|---|---|---|
| Dewey Decimal Classification | Kannada | St Aloysius Library | St Aloysius Library | 02/17/2021 | Prasaranga Kannada Vishvavidyalaya Hampi. | 0.00 | K894.9 AMAS | SG04724 | 02/17/2021 | 02/17/2021 | Special Grants |